The message of Luke's Gospel : (Record no. 4256)

MARC details
000 -LEADER
fixed length control field 00798cam a2200265 a 4500
003 - CONTROL NUMBER IDENTIFIER
control field GBCCL
005 - DATE AND TIME OF LATEST TRANSACTION
control field 20241126110514.0
008 - FIXED-LENGTH DATA ELEMENTS--GENERAL INFORMATION
fixed length control field 180117b xxu||||| |||| 00| 0 eng d
020 ## - INTERNATIONAL STANDARD BOOK NUMBER
International Standard Book Number 0851105947
035 ## - SYSTEM CONTROL NUMBER
System control number (OCoLC)ocm13669017
040 ## - CATALOGING SOURCE
Original cataloging agency UKM
Transcribing agency UKM
Modifying agency EXN
-- OCL
049 ## -
-- LBBK
-- LBBT
-- LBBA
050 1# -
-- BS2595.3
082 0# - DEWEY DECIMAL CLASSIFICATION NUMBER
Classification number 226.406
Edition information 19
Item number WIL
090 ## - LOCALLY ASSIGNED LC-TYPE CALL NUMBER (OCLC); LOCAL CALL NUMBER (RLIN)
Classification number (OCLC) (R) ; Classification number, CALL (RLIN) (NR) BS2595.3
Local cutter number (OCLC) ; Book number/undivided call number, CALL (RLIN) .W5
100 1# - MAIN ENTRY--PERSONAL NAME
Personal name Wilcock, Michael.
9 (RLIN) 2923
240 14 -
-- The saviour of the world
245 14 - TITLE STATEMENT
Title The message of Luke's Gospel :
Remainder of title the saviour of the world /
Statement of responsibility, etc. Michael Wilcock.
260 ## - PUBLICATION, DISTRIBUTION, ETC.
Place of publication, distribution, etc. Leicester :
Name of publisher, distributor, etc. Inter-Varsity
Date of publication, distribution, etc. c1979.
300 ## - PHYSICAL DESCRIPTION
Extent 215 p. ;
Dimensions 21 cm.
440 #0 - SERIES STATEMENT/ADDED ENTRY--TITLE
Title Bible speaks today
9 (RLIN) 3078
500 ## - GENERAL NOTE
General note Originally published: 1979.
630 00 - SUBJECT ADDED ENTRY--UNIFORM TITLE
Uniform title Bible.
Name of part/section of a work N.T.
-- Luke
Form subdivision Commentaries.
9 (RLIN) 4650
942 ## - ADDED ENTRY ELEMENTS (KOHA)
Source of classification or shelving scheme Dewey Decimal Classification
Koha item type Books
Koha issues (borrowed), all copies 5
Holdings
Withdrawn status Lost status Source of classification or shelving scheme Damaged status Not for loan Home library Current Library Shelving location Date acquired Total checkouts Full call number Barcode Date last seen Date last checked out Copy number Price effective from Koha item type
    Dewey Decimal Classification     GRACE BIBLE COLLEGE GRACE BIBLE COLLEGE Biblical Studies 2018-01-17 5 226.406 WIL 012838 2025-05-01 2024-02-19 c.1 2018-01-17 Books
© Grace Bible College Library 2025